000 00456nam a2200193Ia 4500
008 210210b1925 xxu||||| |||| 00| 0 eng d
041 _aeng
082 _a822/1153
100 _aSTEVENSON (R L)
245 _aBook of selections: Dunn Ed
260 _aLondon
_bLongmans Green and Company Limited
_c1925
650 _aselections:
650 _aof
650 _aEd
650 _aDunn
650 _aBook
690 _aEnglish Prose
906 _a013335
999 _c132200
_d132200